| 000 | 01532nam a22002897a 4500 | ||
|---|---|---|---|
| 005 | 20080826145814.0 | ||
| 008 | 080826t xxu||||| |||| 00| 0 hin d | ||
| 010 | _aHIN-84090 | ||
| 020 | _c90.00 | ||
| 035 | _aHN-56436 | ||
| 037 | _aDBAD / PUB | ||
| 040 |
_aDPL _bHN |
||
| 082 | _a824 | ||
| 100 | _aकात्यायनी | ||
| 245 |
_aकुछ जीवन्त कुछ ज्वलन्तः _cकात्यायनी _bसाहित्य समाज संस्कृति के समकालीन परिदृश्य और ज्वलन्त प्रश्नों पर केन्द्रित कुछ निबन्ध |
||
| 246 |
_aKuchha jiwanta Kuchh jwalanta _bby Katyayani |
||
| 260 |
_aलखनऊ _bपरिकल्पना प्रकाशन _c2006 |
||
| 270 |
_aजनचेतना, डी- 68, निरालानगर _bलखनऊ _e226020 |
||
| 300 |
_a263पृ _c22सेमी (अजिल्द) |
||
| 500 | _aसमान ISBN 8187425210 शीर्षक ' गोदान ' | ||
| 650 | _aहिन्दी निबंध | ||
| 650 | _aHindi essays | ||
| 650 |
_aहिन्दी साहित्य _y21वीं सदी _zभारत |
||
| 650 |
_aHindi lierature _y21st century _zIndia |
||
| 942 |
_2ddc _cHN _mकात्याय _h824 |
||
| 999 |
_c15111 _d15111 |
||